Normal view
MARC view
- Newman, Cory Frank
Entry Nombre Personal
001 - NUMERO DE CONTROL
- campo de control: 45989
003 - IDENTIFICADOR DE NUMERO DE CONTROL
- campo de control: DLC
005 - FECHA Y HORA DE LA ÜLTIMA TRANSACCIÓN
- campo de control: 20220915115143.0
008 - DATOS DE LONGITUD FIJA
- campo de control de longitud fija: 220915n| azannaabn |n aaa
010 ## - NÚMERO DE CONTROL DE LA BIBLIOTECA DEL CONGRESO
- Número de control LC: n 89619654
035 ## - NUMERO DE CONTROL
- Número de control: (OCoLC)oca02494759
040 ## - FUENTE DE CATALOGACIÓN
- Agencia original de catalogación: DLC
- Lenguaje de catalogación: spa
- Description conventions: rda
- Agencia de transcripción: DLC
- Agencia que lo modifica: DLC
- Agencia que lo modifica: DNLM
- Agencia que lo modifica: MX-MxUPN
100 1# - ENCABEZAMIENTO - NOMBRE PERSONAL
- Nombre personal: Newman, Cory Frank
400 1# - VEÁSE - NOMBRE DE PERSONA
- Personal name: Newman, Cory F.
670 ## - FUENTE EN LA QUE SE LOCALIZARON DATOS
- Cita de la fuente: nuc89-34590: His Construction of a cross-theoretical ... 1987
- Información localizada: (hdg. on NSbSU rept.: Newman, Cory Frank; usage: Cory Frank Newman)
670 ## - FUENTE EN LA QUE SE LOCALIZARON DATOS
- Cita de la fuente: Choosing to live, c1996:
- Información localizada: portada (Cory F. Newman, Ph.D.) página [4] de la cubierta (clinical dir., Center for Cognitive Therapy, and asst. prof., Univ. of Pa. Sch. of Med.)
902 ## - CATALOGADOR
- Catalogador: NDAF/150922
